000 00573nam a2200181Ia 4500
008 100921s9999 xx 000 0 und d
082 _b913
_a891.468 थ 70
100 _aभावे पुरूषोत्तम भास्कर.
245 _aपणत्या.
260 _bसंजय प्रकाशन,पुणे.
_c1970
300 _a176
_b---
365 _b6
520 _aललित-संकीर्ण.
630 _aपणत्या.
650 _aललित-संकीर्ण.
730 _aपणत्या.
942 _cBOOK
999 _c750026
_d750023